<?xml version="1.0" encoding="UTF-8"?>
<collection xmlns:xsi="http://www.w3.org/2001/XMLSchema-instance" xsi:schemaLocation="http://www.loc.gov/MARC21/slim http://www.loc.gov/standards/marcxml/schema/MARC21slim.xsd" xmlns="http://www.loc.gov/MARC21/slim">
 <record>
  <leader>00000cam a22000003i 4500</leader>
  <controlfield tag="001">UP-1685594773862075887</controlfield>
  <controlfield tag="003">Buklod</controlfield>
  <controlfield tag="005">20240322060532.0</controlfield>
  <controlfield tag="006">g||| |     ||   ||</controlfield>
  <controlfield tag="007">ta</controlfield>
  <controlfield tag="008">240322t20162013enk     rbf  |||1 0|eng d</controlfield>
  <datafield tag="020" ind1=" " ind2=" ">
   <subfield code="a">9781119121404</subfield>
  </datafield>
  <datafield tag="035" ind1=" " ind2=" ">
   <subfield code="a">(iLib)UPBAG-00023841172</subfield>
  </datafield>
  <datafield tag="037" ind1=" " ind2=" ">
   <subfield code="a">BC-68067</subfield>
   <subfield code="b">Serv Enterprises</subfield>
   <subfield code="c">Php3,550.00</subfield>
   <subfield code="n">Prof. Junley Lazaga</subfield>
  </datafield>
  <datafield tag="040" ind1=" " ind2=" ">
   <subfield code="a">DLC</subfield>
   <subfield code="d">BAG</subfield>
   <subfield code="e">rda</subfield>
  </datafield>
  <datafield tag="041" ind1="0" ind2=" ">
   <subfield code="a">eng</subfield>
  </datafield>
  <datafield tag="090" ind1=" " ind2="0">
   <subfield code="a">PN 56 M54</subfield>
   <subfield code="b">H36 2016</subfield>
  </datafield>
  <datafield tag="245" ind1="0" ind2="2">
   <subfield code="a">A handbook of modernism studies</subfield>
   <subfield code="c">edited by Jean-Michel Rabate.</subfield>
  </datafield>
  <datafield tag="264" ind1=" " ind2="1">
   <subfield code="a">Chichester, West Sussex [England]</subfield>
   <subfield code="b">John Wiley &amp; Sons Ltd.</subfield>
   <subfield code="c">2016, ©2013.</subfield>
  </datafield>
  <datafield tag="300" ind1=" " ind2=" ">
   <subfield code="a">x, 463 pages</subfield>
   <subfield code="c">25 cm</subfield>
  </datafield>
  <datafield tag="336" ind1=" " ind2=" ">
   <subfield code="a">text</subfield>
   <subfield code="2">rdacontent</subfield>
  </datafield>
  <datafield tag="337" ind1=" " ind2=" ">
   <subfield code="a">unmediated</subfield>
   <subfield code="2">rdamedia</subfield>
  </datafield>
  <datafield tag="338" ind1=" " ind2=" ">
   <subfield code="a">volume</subfield>
   <subfield code="2">rdacarrier</subfield>
  </datafield>
  <datafield tag="490" ind1="0" ind2=" ">
   <subfield code="a">Wiley-Blackwell critical theory handbooks</subfield>
  </datafield>
  <datafield tag="504" ind1=" " ind2=" ">
   <subfield code="a">Includes bibliographical references and index.</subfield>
  </datafield>
  <datafield tag="505" ind1="0" ind2=" ">
   <subfield code="a">Introduction / Jean-Michel Rabaté -- Hard and Soft Modernism: Politics as &quot;Theory&quot; / Peter Nicholls -- Streams Beyond Consciousness: Stylistic Immediacy in the Modernist Novel / Vicki Mahaffey -- Modernisms High and Low / Eric Bulson -- Kafka, Modernism, and Literary Theory / Vivian Liska -- Race: Tradition and Archive in the Harlem Renaissance / Jeremy Braddock -- Empire, Imperialism, and Modernism / John Marx -- Marxist Modernisms: From Jameson to Benjamin / Catherine Flynn -- Reactionary Modernism / Robert L. Caserio -- Transnationalism at the Departure Gate / Matthew Hart -- From Ritual to the Archaic in Modernism: Frazer, Harrison, Freud, and the Persistence of Myth / Shanyn Fiske -- Modernism, Orientalism, and East Asia / Christopher Bush -- Translation Studies and Modernism / Steven G. Yao -- Modernism, Mind, and Manuscripts / Dirk Van Hulle -- Modernism and Visual Culture / Laura Marcus -- More Kicks than Pricks: Modernist Body-Parts / Maud Ellmann -- Materialities of Modernism: Objects, Matter, Things / Bill Brown -- Glamour's Silhouette: Fashion, Fashun, and Modernism / Judith Brown -- Otherness and Singularity: Ethical Modernism / Marian Eide -- Phenomenology and Affect: Modernist Sulking / Sara Crangle -- Queer Modernism / Benjamin Kahan -- Cultural Capital and the Revolutions of Literary Modernity, from Bourdieu to Casanova / James F. English -- Modernism and Cognitive Disability: A Genealogy / Joseph Valente -- From Parody to the Event; from Affect to Freedom: Observations on the Feminine Sublime in Modernism / Ewa Plonowska Ziarek -- Aesthetic Formalism, the Form of Artworks, and Formalist Criticism / Jonathan Loesberg -- Rancière's Aesthetic Regime: Modernism, Politics, and the Logic of Excess / Molly Anne Rothenberg.</subfield>
  </datafield>
  <datafield tag="520" ind1=" " ind2=" ">
   <subfield code="a">Featuring the latest research findings and exploring the fascinating interplay of modernist authors and intellectual luminaries, from Beckett and Kafka to Derrida and Adorno, this bold new collection of essays gives students a deeper grasp of key texts in modernist literature. This book: Provides a wealth of fresh perspectives on canonical modernist texts, featuring the latest research data ; Adopts an original and creative thematic approach to the subject, with concepts such as race, law, gender, class, time, and ideology forming the structure of the collection ; Explores current and ongoing debates on the links between the aesthetics and praxis of authors and modernist theoreticians ; Reveals the profound ways in which modernist authors have influenced key thinkers, and vice versa.</subfield>
  </datafield>
  <datafield tag="650" ind1=" " ind2="0">
   <subfield code="a">Modernism (Literature)</subfield>
   <subfield code="v">Handbooks, manuals, etc.</subfield>
  </datafield>
  <datafield tag="650" ind1=" " ind2="0">
   <subfield code="a">Literature, Modern</subfield>
   <subfield code="x">History and criticism</subfield>
   <subfield code="v">Handbooks, manuals, etc.</subfield>
  </datafield>
  <datafield tag="700" ind1="1" ind2=" ">
   <subfield code="a">Rabaté, Jean-Michel</subfield>
   <subfield code="d">1949-</subfield>
   <subfield code="e">editor.</subfield>
  </datafield>
  <datafield tag="905" ind1=" " ind2=" ">
   <subfield code="a">FO</subfield>
  </datafield>
  <datafield tag="852" ind1="0" ind2=" ">
   <subfield code="a">UPBAG</subfield>
   <subfield code="b">UPBAG-MAIN</subfield>
   <subfield code="h">PN 56.M54 H36 2016</subfield>
  </datafield>
  <datafield tag="942" ind1=" " ind2=" ">
   <subfield code="a">Book</subfield>
  </datafield>
 </record>
</collection>
